<?xml version="1.0" encoding="UTF-8"?>
<collection xmlns="http://www.loc.gov/MARC21/slim">
 <record>
  <leader>01292pam a22002658a 4500</leader>
  <controlfield tag="001">00020962</controlfield>
  <controlfield tag="008">110521s1999                  ||||||Viesd</controlfield>
  <controlfield tag="005">20171026081022.0</controlfield>
  <datafield tag="020" ind1=" " ind2=" ">
   <subfield code="c">16000</subfield>
  </datafield>
  <datafield tag="041" ind1="0" ind2="#">
   <subfield code="a">Vie</subfield>
  </datafield>
  <datafield tag="082" ind1="1" ind2="#">
   <subfield code="a">620.100 71</subfield>
   <subfield code="b">C460H</subfield>
  </datafield>
  <datafield tag="100" ind1="0" ind2="#">
   <subfield code="a">Nguyễn Xuân Lạc</subfield>
  </datafield>
  <datafield tag="245" ind1="0" ind2="0">
   <subfield code="a">Cơ học Ứng dụng</subfield>
   <subfield code="b">Giáo Trình dùng cho Sinh viên các trường CĐSP</subfield>
   <subfield code="c">Nguyễn Xuân Lạc. Đỗ Như Lân</subfield>
   <subfield code="n">T.1</subfield>
  </datafield>
  <datafield tag="260" ind1="#" ind2="#">
   <subfield code="a">H.</subfield>
   <subfield code="b">Giáo Dục</subfield>
   <subfield code="c">1999</subfield>
  </datafield>
  <datafield tag="300" ind1="#" ind2="#">
   <subfield code="a">176 tr.</subfield>
   <subfield code="c">27 cm</subfield>
  </datafield>
  <datafield tag="500" ind1="#" ind2="#">
   <subfield code="a">ĐTTS: Bộ Giáo Dục và Đào Tạo</subfield>
  </datafield>
  <datafield tag="650" ind1=" " ind2=" ">
   <subfield code="a">Cơ học ứng dụng</subfield>
  </datafield>
  <datafield tag="650" ind1=" " ind2=" ">
   <subfield code="a">Giáo trình</subfield>
  </datafield>
  <datafield tag="700" ind1="0" ind2="#">
   <subfield code="a">Đỗ Như Lân</subfield>
  </datafield>
  <datafield tag="852" ind1="#" ind2="#">
   <subfield code="b">Kho giáo trình</subfield>
   <subfield code="j">KGT.0004972, KGT.0004973, KGT.0004974, KGT.0004975, KGT.0004976, KGT.0004977, KGT.0004978, KGT.0004979, KGT.0004980, KGT.0004981, KGT.0004982, KGT.0004983, KGT.0004984, KGT.0004985</subfield>
  </datafield>
  <datafield tag="852" ind1="#" ind2="#">
   <subfield code="b">Kho mượn</subfield>
   <subfield code="j">KGT.0004972</subfield>
  </datafield>
  <datafield tag="852" ind1="#" ind2="#">
   <subfield code="b">Kho đọc</subfield>
   <subfield code="j">KD.0006784</subfield>
  </datafield>
  <datafield tag="852" ind1="#" ind2="#">
   <subfield code="j">KGT.0004973</subfield>
   <subfield code="j">KGT.0004974</subfield>
   <subfield code="j">KGT.0004976</subfield>
   <subfield code="j">KGT.0004977</subfield>
   <subfield code="j">KGT.0004979</subfield>
   <subfield code="j">KGT.0004980</subfield>
   <subfield code="j">KGT.0004982</subfield>
   <subfield code="j">KGT.0004983</subfield>
   <subfield code="j">KGT.0004985</subfield>
   <subfield code="j">KD.0006784</subfield>
   <subfield code="j">KGT.0004972</subfield>
   <subfield code="j">KGT.0004975</subfield>
   <subfield code="j">KGT.0004978</subfield>
   <subfield code="j">KGT.0004981</subfield>
   <subfield code="j">KGT.0004984</subfield>
  </datafield>
  <datafield tag="910" ind1="#" ind2="#">
   <subfield code="a">Hiếu</subfield>
   <subfield code="d">21/05/2011</subfield>
  </datafield>
  <datafield tag="980" ind1="#" ind2="#">
   <subfield code="a">Trung tâm Học liệu Lê Vũ Hùng, Trường Đại học Đồng Tháp</subfield>
  </datafield>
 </record>
</collection>
